[Event "Kamsky-Andreikin m"]
[Site "Playchess.com INT"]
[Date "2007.01.22"]
[Round "?"]
[White "Kamsky, Gata"]
[Black "Andreikin, Dmitry"]
[Result "0-1"]
[WhiteElo "2705"]
[BlackElo "2509"]
[PlyCount "64"]
[EventDate "2007.01.22"]
[EventType "match (blitz)"]
[EventRounds "9"]
[EventCountry "GER"]
[SourceTitle "EXT 2008"]
[Source "ChessBase"]
[SourceDate "2007.11.25"]
[SourceVersion "1"]
[SourceVersionDate "2007.11.25"]
[SourceQuality "1"]

1. d4 Nf6 2. c4 c5 3. Nf3 cxd4 4. Nxd4 g6 5. Nc3 Bg7 6. e4 d6 7. Be2 O-O 8. O-O
Nc6 9. Be3 Nxd4 10. Bxd4 Bd7 11. Bd3 Bc6 12. Kh1 a5 13. b3 Nd7 14. Bxg7 Kxg7
15. f4 Qb6 16. Qd2 a4 17. Bc2 axb3 18. axb3 Kg8 19. Rae1 Qb4 20. Rf3 b5 21.
cxb5 Bxb5 22. Qf2 e6 23. Nxb5 Qxb5 24. Bd3 Qxb3 25. e5 Qb6 26. Qh4 Qd4 27. Rh3
h5 28. Qg5 Ra1 29. Rf1 dxe5 30. g4 Rxf1+ 31. Bxf1 Qf2 32. Bd3 Ra8 0-1

[Event "Dos Hermanas Internet f 8th"]
[Site "ICC INT"]
[Date "2007.03.23"]
[Round "1.1"]
[White "Sher, Miron Naumovich"]
[Black "Kamsky, Gata"]
[Result "0-1"]
[WhiteElo "2420"]
[BlackElo "2705"]
[PlyCount "100"]
[EventDate "2007.03.23"]
[EventType "k.o. (blitz)"]
[EventRounds "5"]
[EventCountry "USA"]
[SourceTitle "CBM 117 Extra"]
[Source "ChessBase"]
[SourceDate "2007.05.09"]
[SourceVersion "1"]
[SourceVersionDate "2007.05.09"]
[SourceQuality "1"]

1. d4 d5 2. Nf3 Nf6 3. Bf4 c6 4. c3 Bf5 5. Nbd2 e6 6. h3 h6 7. e3 Be7 8. Be2
Qb6 9. Qb3 Nbd7 10. O-O O-O 11. Ne5 Rfc8 12. Nxd7 Nxd7 13. Nf3 c5 14. Rac1 c4
15. Qxb6 axb6 16. a3 b5 17. Ne5 Nb6 18. Bd1 Na4 19. Bxa4 bxa4 20. Nd7 Rc6 21.
Nc5 b6 22. Nd7 f6 23. f3 Bg6 24. Nb8 Rc8 25. Nd7 Ra6 26. Rfe1 Be8 27. Nb8 Ra8
28. e4 Kf7 29. exd5 exd5 30. Re2 Raxb8 31. Bxb8 Rxb8 32. Rce1 Bf8 33. Kf2 Bd7
34. h4 h5 35. g3 Bf5 36. f4 Bd7 37. Re3 Ra8 38. Rg1 Ra5 39. Re2 Bg4 40. Rd2 Bd6
41. Re1 Ra8 42. Re3 Ra5 43. Re1 Rb5 44. Re3 Rb3 45. Ke1 b5 46. Kf2 Kf8 47. Ke1
b4 48. axb4 Bxb4 49. cxb4 Rxe3+ 50. Kf2 Rb3 0-1

[Event "Dos Hermanas Internet f 8th"]
[Site "ICC INT"]
[Date "2007.03.23"]
[Round "1.2"]
[White "Kamsky, Gata"]
[Black "Sher, Miron Naumovich"]
[Result "1-0"]
[WhiteElo "2705"]
[BlackElo "2420"]
[PlyCount "65"]
[EventDate "2007.03.23"]
[EventType "k.o. (blitz)"]
[EventRounds "5"]
[EventCountry "USA"]
[SourceTitle "CBM 117 Extra"]
[Source "ChessBase"]
[SourceDate "2007.05.09"]
[SourceVersion "1"]
[SourceVersionDate "2007.05.09"]
[SourceQuality "1"]

1. d4 d5 2. Nf3 Bf5 3. Bf4 e6 4. e3 c6 5. c4 Nd7 6. Nc3 Ngf6 7. Qb3 Qb6 8. c5
Qxb3 9. axb3 a6 10. b4 Rc8 11. h3 h6 12. Nd2 Be7 13. Nb3 Bd8 14. Na5 Bxa5 15.
bxa5 O-O 16. f3 Rfe8 17. Kd2 e5 18. Bh2 exd4 19. exd4 Nf8 20. Ra4 Rcd8 21. Rb4
Bc8 22. Bc7 Rd7 23. Be5 N6h7 24. Bd3 Ne6 25. Na4 Rde7 26. Bd6 Nd8 27. Bxe7 Rxe7
28. Bxa6 Ng5 29. Bd3 Rc7 30. a6 bxa6 31. Rb8 Nge6 32. Nb6 Bb7 33. Bf5 1-0

[Event "Dos Hermanas Internet f 8th"]
[Site "ICC INT"]
[Date "2007.03.23"]
[Round "1.3"]
[White "Sher, Miron Naumovich"]
[Black "Kamsky, Gata"]
[Result "0-1"]
[WhiteElo "2420"]
[BlackElo "2705"]
[PlyCount "34"]
[EventDate "2007.03.23"]
[EventType "k.o. (blitz)"]
[EventRounds "5"]
[EventCountry "USA"]
[SourceTitle "CBM 117 Extra"]
[Source "ChessBase"]
[SourceDate "2007.05.09"]
[SourceVersion "1"]
[SourceVersionDate "2007.05.09"]
[SourceQuality "1"]

1. e4 c5 2. Nf3 e6 3. Nc3 a6 4. d4 cxd4 5. Nxd4 b5 6. g3 Bb7 7. Bg2 Ne7 8. O-O
Nbc6 9. Nde2 Ng6 10. a4 b4 11. Na2 Bc5 12. Kh1 h5 13. h3 Nce5 14. b3 h4 15. g4
Nxg4 16. hxg4 h3 17. Bf3 Qf6 0-1

[Event "Foxwoods op 09th"]
[Site "Connecticut"]
[Date "2007.04.04"]
[Round "1"]
[White "Kamsky, Gata"]
[Black "Onyekwere, Chikwere"]
[Result "1-0"]
[WhiteElo "2705"]
[BlackElo "2149"]
[PlyCount "69"]
[EventDate "2007.04.04"]
[EventType "swiss"]
[EventRounds "9"]
[EventCountry "USA"]
[SourceTitle "CBM 117 Extra"]
[Source "ChessBase"]
[SourceDate "2007.05.09"]
[SourceVersion "1"]
[SourceVersionDate "2007.05.09"]
[SourceQuality "1"]

1. e4 c5 2. Nf3 d6 3. d4 cxd4 4. Nxd4 Nf6 5. Nc3 a6 6. Bg5 e6 7. f4 Qb6 8. Nb3
Nbd7 9. Qf3 Qc7 10. a4 b6 11. Bd3 Bb7 12. O-O Be7 13. Qh3 h6 14. f5 e5 15. Kh1
Rc8 16. Rae1 Qb8 17. Bd2 Qa8 18. Qg3 h5 19. Bg5 h4 20. Qh3 Rxc3 21. bxc3 Nxe4
22. Bxe7 Kxe7 23. Bxe4 Bxe4 24. Nd2 Bd5 25. Rf4 Kf8 26. Rxh4 Bxg2+ 27. Kg1 Rxh4
28. Qxh4 Nf6 29. Qh8+ Ng8 30. Re3 Qd5 31. Rd3 Qc6 32. Rg3 Bd5 33. Qxg7+ Ke7 34.
Qxg8 Qd7 35. f6+ 1-0

[Event "Foxwoods op 09th"]
[Site "Connecticut"]
[Date "2007.04.05"]
[Round "2"]
[White "Sarkar, Justin"]
[Black "Kamsky, Gata"]
[Result "1/2-1/2"]
[WhiteElo "2405"]
[BlackElo "2705"]
[PlyCount "44"]
[EventDate "2007.04.04"]
[EventType "swiss"]
[EventRounds "9"]
[EventCountry "USA"]
[SourceTitle "CBM 117 Extra"]
[Source "ChessBase"]
[SourceDate "2007.05.09"]
[SourceVersion "1"]
[SourceVersionDate "2007.05.09"]
[SourceQuality "1"]

1. d4 Nf6 2. c4 e6 3. Nc3 Bb4 4. Qc2 O-O 5. e4 c5 6. e5 cxd4 7. a3 Bxc3+ 8.
bxc3 Ne8 9. cxd4 b6 10. Bd3 f5 11. exf6 Nxf6 12. Ne2 Bb7 13. O-O Nc6 14. Bf4
Qe7 15. c5 Rfc8 16. Qb1 h6 17. Bd6 Qd8 18. Qb2 Na5 19. Nf4 Be4 20. Ba6 Bb7 21.
Bd3 Be4 22. Ba6 Bb7 1/2-1/2

[Event "Foxwoods op 09th"]
[Site "Connecticut"]
[Date "2007.04.06"]
[Round "5"]
[White "Kamsky, Gata"]
[Black "Kraai, Jesse"]
[Result "1-0"]
[WhiteElo "2705"]
[BlackElo "2457"]
[PlyCount "67"]
[EventDate "2007.04.04"]
[EventType "swiss"]
[EventRounds "9"]
[EventCountry "USA"]
[SourceTitle "CBM 117 Extra"]
[Source "ChessBase"]
[SourceDate "2007.05.09"]
[SourceVersion "1"]
[SourceVersionDate "2007.05.09"]
[SourceQuality "1"]

1. e4 e6 2. d4 d5 3. Nc3 Nf6 4. e5 Nfd7 5. f4 c5 6. Nf3 Nc6 7. Be3 Qb6 8. Na4
Qa5+ 9. c3 cxd4 10. b4 Nxb4 11. cxb4 Bxb4+ 12. Bd2 Bxd2+ 13. Nxd2 b6 14. Bd3
Ba6 15. Nb2 Nc5 16. Bxa6 Qxa6 17. Qe2 Qa3 18. Qb5+ Ke7 19. O-O Qe3+ 20. Rf2
Rhc8 21. Raf1 f5 22. exf6+ gxf6 23. Nd1 Qd3 24. Qb2 Nd7 25. Nf3 e5 26. fxe5
fxe5 27. Re2 Kd6 28. Nf2 Qc3 29. Qb1 d3 30. Nxd3 e4 31. Nf4 Rc5 32. Ng5 Re8 33.
Rd1 Nf6 34. Nxe4+ 1-0

[Event "Foxwoods op 09th"]
[Site "Connecticut"]
[Date "2007.04.07"]
[Round "7"]
[White "Shabalov, Alexander"]
[Black "Kamsky, Gata"]
[Result "1/2-1/2"]
[WhiteElo "2602"]
[BlackElo "2705"]
[PlyCount "56"]
[EventDate "2007.04.04"]
[EventType "swiss"]
[EventRounds "9"]
[EventCountry "USA"]
[SourceTitle "CBM 117 Extra"]
[Source "ChessBase"]
[SourceDate "2007.05.09"]
[SourceVersion "1"]
[SourceVersionDate "2007.05.09"]
[SourceQuality "1"]

1. e4 c5 2. Nf3 e6 3. d4 cxd4 4. Nxd4 a6 5. Be2 b6 6. O-O Bb7 7. Nc3 Qc7 8. f4
Bb4 9. Qd3 Nc6 10. Nb3 Nge7 11. a3 Bxc3 12. Qxc3 O-O 13. f5 exf5 14. Bf4 d6 15.
Rad1 Rad8 16. exf5 Nxf5 17. Rd5 Nfe7 18. Rg5 f6 19. Bc4+ Kh8 20. Rh5 Qc8 21.
Rf3 d5 22. Bd3 g6 23. Rh4 d4 24. Qe1 Nf5 25. Bxf5 Qxf5 26. Bh6 Qxc2 27. Bxf8
Rxf8 28. Rfh3 h5 1/2-1/2

[Event "Sofia MTel Masters 3rd"]
[Site "Sofia"]
[Date "2007.05.11"]
[Round "2"]
[White "Nisipeanu, Liviu Dieter"]
[Black "Kamsky, Gata"]
[Result "1/2-1/2"]
[WhiteElo "2693"]
[BlackElo "2705"]
[PlyCount "93"]
[EventDate "2007.05.10"]
[EventType "tourn"]
[EventRounds "10"]
[EventCountry "BUL"]
[EventCategory "19"]
[SourceTitle "CBM 118"]
[Source "ChessBase"]
[SourceDate "2007.05.31"]
[SourceVersion "1"]
[SourceVersionDate "2007.05.31"]
[SourceQuality "1"]

1. d4 d5 2. c4 c6 3. Nf3 Nf6 4. Nc3 Qb6 5. e3 Bg4 6. h3 Bxf3 7. Qxf3 e6 8. Bd3
Bb4 9. O-O O-O 10. Qe2 Nbd7 11. Bd2 a5 12. Rfd1 Rfe8 13. Rab1 Bf8 14. Be1 g6
15. Qc2 Qa7 16. Bf1 Nb6 17. b3 Nc8 18. Qb2 Nd6 19. c5 Nde4 20. a3 Nxc3 21. Bxc3
Ne4 22. Be1 e5 23. b4 exd4 24. exd4 axb4 25. axb4 Bg7 26. h4 Qa3 27. Qxa3 Rxa3
28. b5 Bf6 29. g3 g5 30. bxc6 bxc6 31. Rb6 gxh4 32. gxh4 Re6 33. Bd3 Bxd4 34.
Bxe4 Rxe4 35. Rxc6 Bc3 36. Bxc3 Rxc3 37. Rxd5 Rxh4 38. Rg5+ Kf8 39. Rf5 Rg4+
40. Kf1 Rc1+ 41. Ke2 Re4+ 42. Kd2 Rcc4 43. Rc7 Rcd4+ 44. Kc3 Rc4+ 45. Kd2 Rcd4+
46. Kc3 Rc4+ 47. Kd3 1/2-1/2

[Event "Sofia MTel Masters 3rd"]
[Site "Sofia"]
[Date "2007.05.12"]
[Round "3"]
[White "Kamsky, Gata"]
[Black "Sasikiran, Krishnan"]
[Result "0-1"]
[WhiteElo "2705"]
[BlackElo "2690"]
[Annotator "Sasikiran,K"]
[PlyCount "92"]
[EventDate "2007.05.10"]
[EventType "tourn"]
[EventRounds "10"]
[EventCountry "BUL"]
[EventCategory "19"]
[SourceTitle "CBM 118"]
[Source "ChessBase"]
[SourceDate "2007.05.31"]
[SourceVersion "1"]
[SourceVersionDate "2007.05.31"]
[SourceQuality "1"]

1. d4 Nf6 2. Nf3 d5 3. c4 dxc4 4. e3 a6 5. Bxc4 e6 6. O-O c5 7. dxc5 Qxd1 8.
Rxd1 Bxc5 9. b3 Nbd7 10. Bb2 b6 11. Nc3 Bb7 12. Rac1 Be7 $1 {In my opinion the
text is the most accurate defence against the threat of Na4. Meines Erachtens
ist der Text die genaueste Verteidigung gegen die Drohung Na4.} (12... Ke7 $6
13. Na4 Bxf3 14. gxf3 Bd6 15. Bf1 $14) (12... O-O 13. Na4 $14) 13. Ne2 $5 $146
{Opening the diagonal for the b2-bishop and relocating the knight to f4. In
some variations White can sacrifice on e6 for good compensation. Öffnet die
Diagonale für den b2-Läufer und überführt den Springer nach f4. In manchen
Varianten kann Weiß für gute Kompensation auf e6 opfern.} (13. Nd4 $5 Rc8 (
13... O-O $2 14. Nxe6 $16) 14. Be2 (14. f3 b5 15. Be2 Bc5 $1 16. Kf1 Ke7 17. e4
g5 $5 (17... Rhd8 18. Nb1 Bd6 {was safer.}) 18. Nb1 $5 $13 {1-0 Spassky,B 
(2560)-Fischer,R/S.Stefan/Beograd (m4) 1992}) 14... O-O 15. Bf3 Bxf3 16. gxf3
Rfd8 (16... Rc7 $6 17. Nd5 $1 Nxd5 18. Rxc7 Nxc7 19. Nc6 Nd5 20. Nxe7+ Nxe7 21.
Rxd7 Ng6 22. Rb7 $14) 17. Ne4 Nxe4 18. fxe4 Nc5 19. f3 Kf8 20. Kf1 Ke8 $11)
13... Rc8 (13... b5 $5 14. Bd3 Nc5 15. Bb1 O-O 16. Ne5 {was interesting.
However, I did not want to weaken my queenside without a specific reason. war
interessant. Doch ich wollte meinen Damenflügel nicht ohne besonderen Grund
schwächen.} (16. Ba3 $5 Rfd8 17. Ned4 Rac8 $13)) 14. Nf4 b5 (14... O-O 15. Nxe6
fxe6 16. Bxf6 Nxf6 17. Bxe6+ Kh8 18. Bxc8 Bxc8 19. Ne5 {and Black is not able
to avoid the exchange of rooks after which the two passed pawns in the centre
might become dangerous. und Schwarz kann den Turmtausch nicht vermeiden,
wonach die zwei Freibauern im Zentrum gefährlich werden könnten.} Bc5 20. Nc6
a5 21. Rd8 Rxd8 22. Nxd8 $14) 15. Be2 O-O 16. Nd4 Nc5 (16... Rfd8 $5 17. Bf3
Bxf3 18. gxf3 Nc5 $11 {followed by the transfer of the king to e8 and Black
should equalise comfortably. nebst Überführung des Königs nach e8, und Schwarz
sollte bequem ausgleichen.}) 17. Bf3 Nce4 18. Nd3 (18. g4 h6 $5 $13) 18... Bd6
$5 {Stopping Ne5. Otherwise the weakness on c6 might be a concern. Stoppt Ne5.
Andernfalls könnte die Schwäche auf c6 eine Sorge werden.} (18... Rfd8 $5 19.
Ne5 Rxc1 20. Rxc1 Bd6 21. Ndc6 Rc8 $5 $13) (18... Rxc1 $5 19. Rxc1 Rc8 20.
Rxc8+ Bxc8 21. Nc6 Bd6 22. g3 $14) 19. Ne2 Rfd8 20. Ne5 Bb8 21. Rxc8 $6 {
Exchanging the wrong rook. It was better to exchange on d8 because White can
try to exploit the weakness of the c6-square. Tauscht den falschen Turm.
Besser war das Schlagen auf d8, weil Weiß dann versuchen kann, die Schwäche
des c6-Feldes auszunutzen.} (21. Rxd8+ Rxd8 22. Bd4 Bd6 23. Nf4 Rc8 (23... Kf8
$5 24. Nfd3 Rc8 25. Rxc8+ Bxc8 26. g3 $14 {/=}) 24. Rxc8+ Bxc8 25. Nh5 Nxh5 26.
Bxe4 $14 {and White has a minimal edge due to the better placement of his
pieces. und Weiß hat ein minimales Plus aufgrund der besseren Platzierung
seiner Figuren.}) 21... Rxc8 22. Ng3 Bd5 $5 23. Nd3 (23. Nxe4 Nxe4 24. Nd7 Ba7
$1 $13) 23... a5 24. b4 $6 {The weakening of the c4 square was not necessary.
Das Schwächen des Feldes c4 war nicht nötig.} (24. Rc1 Rxc1+ 25. Nxc1 Nxg3 26.
hxg3 $11) 24... a4 $5 25. a3 Nc3 $2 {Squandering the slight initiative and ....
equalising easily! Verspielt die leichte Initiative und ....gleicht leicht aus!
} ({Black failed to find Schwarz versäumte es,} 25... Nd6 {after which White
will have to struggle for the draw. zu finden, wonach Weiß ums Remis kämpfen
muss.} 26. Bxf6 (26. Ne2 Nc4 27. Bxd5 Nxd5 28. Rc1 Ne7 $1 $15) 26... Bxf3 $1
27. gxf3 gxf6 28. Ne4 Nc4 29. Rc1 (29. Nxf6+ $6 Kg7 30. Nh5+ Kh6 31. Nf6 Nxa3
$17) 29... Kg7 $15) 26. Rc1 Bxf3 27. gxf3 Bxg3 28. Rxc3 Rxc3 29. Bxc3 Nd5 $5
30. Bd4 (30. fxg3 Nxc3 31. Ne1 f5 32. Nc2 Kf7 $11) 30... Bd6 31. f4 f6 32. Kg2
Kf7 33. Kf3 h6 $5 34. e4 Nxf4 $5 (34... Ne7 $11) 35. Nxf4 e5 36. Ne2 $4 {
An horrible blunder in time trouble. The knight will be no match for the
bishop in the forthcoming ending because of the weakness on a3 and the outside
passed h-pawn. Ein schrecklicher Bock in Zeitnot. In dem entstehenden Endspiel
wird der Springer aufgrund der Schwäche auf a3 und des entfernten h-Freibauern
dem Läufer nicht gewachsen sein.} (36. Bc5 $1 Bxc5 37. Nd5 Bd4 38. Nc7 Bb2 39.
Nxb5 Ke6 40. Ke2 Kd7 41. Kd3 Kc6 42. Kc4 g6 43. Nc3 Bxa3 44. b5+ Kd6 45. Nxa4
f5 $11) (36. Be3 exf4 37. Bxf4 Be7 $1 {with a pleasant position to play on.
mit angenehmer Stellung zum Weiterspielen.} (37... Bxf4 38. Kxf4 Ke6 39. Ke3 g5
40. f4 h5 41. h3 Kd6 42. e5+ Ke6 43. exf6 g4 44. hxg4 hxg4 45. f7 Kxf7 46. f5
Kf6 47. Kf4 g3 48. Kxg3 Kxf5 49. Kf3 Ke5 50. Ke3 Kd5 51. Kd3 Ke5 $11)) 36...
exd4 37. Nxd4 Bxh2 38. Nxb5 Be5 39. Ke3 (39. Kg4 g5 40. Kf5 Ke7 41. Na7 Kd7 42.
b5 Kc7 $19) 39... g5 40. Nd4 h5 $1 41. Nf5 h4 42. Ke2 Ke6 $5 43. Ne3 h3 44. Kf1
Bd4 $1 45. Kg1 (45. Nc4 g4 46. b5 Kd7 47. Na5 Kd6 $19) 45... Bxe3 46. fxe3 g4
0-1